000 00522nam a2200181Ia 4500
001 3441
005 20260306145644.0
008 260306t2012||||xx |||||||||||||| ||spa||
041 _aESP
082 _a278.092
_bV66
100 _aVilla Betancourt, Carmen Elena
_eAUT
245 0 _aAl servicio de Dios:
_bmemorias de monseñor Alcides Mendoza primer obispo de Abancay y arzobispo emérito del Cuzco
260 _c2012
300 _a177 páginas :
_c21 cm.
650 _aGEN
654 _aCHU
942 _cLIB
_dJUS
_fJUS
_2ddc
_n
999 _c3441
_d3441